|
|
|
|
| LEADER |
00000naa a2200000uu 4500 |
| 001 |
vtls011055338 |
| 003 |
SK-MaSNL |
| 005 |
20260302115516.0 |
| 008 |
220810|2006 xo |||||||||||||||||cze| |
| 015 |
|
|
|a SNBRA
|
| 035 |
|
|
|a (urnnbn)urn:nbn:sk:snk:ar-a0by4r
|
| 035 |
|
|
|a (uuid)d7ba3e22-31bc-415e-81ea-6217c3c204fd
|
| 035 |
|
|
|a urn:nbn:sk:snk-aav4sv
|
| 040 |
|
|
|a SNKBUCL
|b slo
|c SNKBUCL
|e AACR2
|
| 041 |
0 |
|
|a cze
|
| 044 |
|
|
|a xo
|c SK
|
| 100 |
1 |
|
|a Hartig, Karel
|4 aut
|9 781493
|
| 245 |
1 |
0 |
|a ROZŠÍŘENÍ A ZKAPACITNĚNÍ ÚČOV PRAHA NA KVALITU ODTOKU DLE CITLIVÝCH OBLASTÍ
|c Karel Hartig
|
| 773 |
0 |
|
|t Odpadové vody 2006
|d Bratislava : Asociácia čistiarenských expertov SR, 2006
|g S. 23-29
|z 8089088481
|
| 954 |
|
|
|a odborná, vedecká literatúra cudzojazyčná (svetová)
|2 lita
|
| 958 |
|
|
|a OND
|
| 958 |
|
|
|a article12
|
| 958 |
|
|
|a chapter
|
| 999 |
|
|
|c 1265029
|d 1266959
|